1486 1262 1735 1590 1856 1622 1880 1285 1151 1432 1325 1605 1961 1874 1923 1191 1377 1395 1015 1596 1070 1893 1407 1488 1904 1381 1883 1094 1378 1583 1309 1709 1227 1798 1089 1113 1611 1110 1184 1577 1518 1316 1944 1244 1379 1622 1602 1374 1436 1071 1565 1687 1191 1194 1396 1464 1729 1314 1191 1994 1387 1258 1948 1818 1805 1909 1074 1546 1392 1642 1511 1702 1887 1912 1576 1649 1521 1952 1539 1851 1658 1713 1354 1999 1999 1535 1748 1749 1253 1712 1565 1792 1267 1553 1512 1150 1163 1903 1122 BCNSPRNW ULIB Ver.6.0+V

เปลี่ยนเป็นภาษาไทย

Change to English
 แสดงรายละเอียดบรรณานุกรม
  กลับหน้าหลัก

Brief Record : Get Marc (ISO 2709) : E-mail record : QR code < ปิดหน้าต่าง
LEADER : 00000nam 2200000uu 4500
001    13399115122
003     ULIB
008    120711s2550||||th 000 0 tha d
020    ^a9742991006
020    ^a9789742991005
050  4 ^aHV1593^bอ976ด
100 0  ^aโอปอล์ ประภาวดี
245 10 ^aดาวบางดวง :^bเรื่องราวสุข-สกาว พราวพร่างจากร่างกายและหัวใจของชีวิตที่โยงใยอยู่กับความพิการ /^cโอปอล์ ประภาวดี
250    ^aพิมพ์ครั้งที่ 1
260    ^aนนทบุรี :^bแผนงานสร้างเสริมสุขภาพคนพิการในสังคมไทย,^c2550
300    ^a196 หน้า :^bภาพประกอบสี ;^c21 ซม.
440  0 ^aสารคดีชุดประสบการณ์ชีวิตคนพิการ ;^vลำดับที่ 4
650  4 ^aคนพิการ^vรวมเรื่อง
653    ^aOpen Your Eyes Project
945    ^p170^l0^i24889
995    ^a เกษร
999 ^a ใช้งานได้ทุกระบบ
รายการนี้ยังไม่มีแท็ก
คุณยังไม่ได้ล็อกอิน คุณสามารถมีกิจกรรมร่วมกับเว็บไซต์ได้ แต่ต้องล็อกอินก่อน ::
  ล็อกอิน

รายการสื่อสารสนเทศ

ลำดับที่ ประเภท เลขเรียก/บาร์โค้ด สถานที่ สถานะ
1. วิทยาศาสตร์การแพทย์ และสุขภาพ
วิทยาศาสตร์การแพทย์ และสุขภาพ
HV1593 อ976ด  
  Barcode: 24889
ห้องสมุดวิทยาเขตสวรรค์ประชารักษ์
►วารสาร
บนชั้น
  ขอยืม

รายการใกล้เคียง
    ผู้แต่ง [โอปอล์ ประภาวดี]

BibComment


ยังไม่เคยถูกคอมเมนท์

คอมเมนท์ทรัพยากรรายการนี้
  คอมเมนท์: ดาวบางดวง เรื่อ..


 Copyright 2026. Bcnsprnw @Library